KOHA-Header-6

Management Information Systems for the Information Age (Record no. 6082)

000 -LEADER
fixed length control field 00283nam a2200109Ia 4500
008 - FIXED-LENGTH DATA ELEMENTS--GENERAL INFORMATION
fixed length control field 190906s9999||||xx |||||||||||||| ||und||
100 ## - MAIN ENTRY--PERSONAL NAME
Personal name McCubbrey
245 #0 - TITLE STATEMENT
Title Management Information Systems for the Information Age
260 ## - PUBLICATION, DISTRIBUTION, ETC. (IMPRINT)
Place of publication, distribution, etc London
Name of publisher, distributor, etc Addison
Date of publication, distribution, etc 2002
300 ## - PHYSICAL DESCRIPTION
Extent 440
942 ## - ADDED ENTRY ELEMENTS (KOHA)
Koha item type Books
Holdings
Withdrawn status Lost status Damaged status Not for loan Collection code Permanent Location Current Location Shelving location Date acquired Full call number Barcode Date last seen Price effective from Koha item type
        Management MAJU MAJU   2019-09-06 658.401 3237 2019-09-06 2019-09-06 Management

Powered by Koha